000 00719 a2200205 4500
020 _a1587051583
040 _aDLC
_bDLC
082 0 0 _a005.8
100 1 _aHucaby, David.
245 1 0 _aCisco ASA and PIX firewall handbook
_cDavid Hucaby.
260 _aIndianapolis, IN :
_bCisco Press,
_cc2005.
300 _axxiv, 810 p. ;
_bill. ;
_c24 cm.
440 0 _aCisco Press networking technology series.
500 _a"The complete guide to the most popular Cisco PIX, ASA, FWSM, and IOS firewall security features"--Cover.
500 _a"Covers PIX v. 7"--Cover.
500 _aIncludes index.
650 0 _aFirewalls (Computer security)
650 0 _aComputer networks
_xSecurity measures.
942 _cBK
_k005.8 HUC
_2ddc
999 _c6630
_d6630